000 00689nam a22002172 4500
001 0000019026
005 20151217152143.0
008 100831s xx 000 0 eng d
020 _a0138138222 :
040 _aKABU
_cKABU
100 1 _aRice, Michael.
_@0000178569
245 1 0 _aDigital communications :
_ba discrete-time approach /
_cMichael Rice.
250 _a1st ed.
260 _aUpper Saddle River, NJ. :
_bPearson,
_c2009.
300 _axxii, 778 p.
650 0 _aDigital communications.
_@0000157685
650 0 _aSignal processing
_xDigital techniques.
_@0000170024
852 1 _9p2600 KES
908 _a100831
950 _@1
999 _c8773
_d8773